Ekonomická trestná činnosť a princíp ultima ratio

Bibliographic Details
Main Authors: Šanta, Ján, 1967- (Author), Žilinka, Maroš (Author)
Format: Article
Language:Slovak
ISSN:1335-6461
Subjects:

MARC

LEADER 00000nab a2200000 a 4500
001 vtls009178148
003 SK-MaSNL
005 20260304152029.0
008 250506c2007 xo mr|p|||||||000 b|slo
015 |a SNBRB2008/01  |2 snkbucl 
035 |a (uuid)4da2da97-67f7-4838-8ce3-3916daeeefcb 
035 |a urn:nbn:sk:snk-ab11nh 
035 |a (urnnbn)urn:nbn:sk:snk:ar-003jzr 
038 |a SNKBUCL 
040 |a SNKBUCL  |b slo  |c SNKBUCL  |e AACR2 
041 0 |a slo 
044 |a xo  |c SK 
080 |a 343:339  |2 2001 
080 |a 339:343  |2 2001 
100 1 |a Šanta, Ján,  |d 1967-  |4 aut  |9 184829 
245 1 0 |a Ekonomická trestná činnosť a princíp ultima ratio  |c Ján Šanta, Maroš Žilinka 
504 |a Bibliogr. odkazy 
650 0 7 |a ekonomická trestná činnosť  |2 snkbucl  |9 1211015 
650 0 7 |a princíp ultima ratio  |2 snkbucl  |9 1473967 
700 1 |a Žilinka, Maroš  |4 aut  |9 338606 
773 0 |t Justičná revue  |g Roč. 59, č. 12 (2007), s. 1646-1654  |x 1335-6461 
850 |a Slovenská národná knižnica 
852 |a Slovenská národná knižnica 
954 |a odborná, vedecká literatúra pôvodná (slovenská)  |2 lita 
958 |a article27 
958 |a OND 
958 |a SK 
958 |a NB 
958 |a EUIPO 
999 |c 2946901  |d 2948831